Studies in Muslim Ethics (Record no. 1602)

MARC details
000 -LEADER
fixed length control field 00572nam a2200241 a 4500
020 ## - INTERNATIONAL STANDARD BOOK NUMBER
ISBN
082 00 - DEWEY DECIMAL CLASSIFICATION NUMBER
Classification number 297.5
Author Cutter DON
100 ## - MAIN ENTRY--AUTHOR NAME
Author name Donaldson, Dwight M
245 ## - TITLE STATEMENT
Title Studies in Muslim Ethics
260 ## - PUBLICATION, DISTRIBUTION, ETC. (IMPRINT)
Place of publication London
Name of publisher Spck
Year of publication 1953
300 ## - PHYSICAL DESCRIPTION
Number of Pages 304p
500 ## - GENERAL NOTE
General note includes index and biblioraphy
505 2# - FORMATTED CONTENTS NOTE
Formatted contents note archives
650 ## - SUBJECT ADDED ENTRY--TOPICAL TERM
Topical Term Islam-Moral Theology
942 ## - ADDED ENTRY ELEMENTS (KOHA)
Koha item type Books
700 1# -
-- Donaldson, Dwight M
Holdings
Home library Current library Date acquired Cost, normal purchase price Full call number Accession Number Koha item type Shelving location
Henry Martyn Institute Library Henry Martyn Institute Library 04/02/2019 100.00 297.5 DON 01612 E-Books  
Henry Martyn Institute Library Henry Martyn Institute Library 04/02/2019 100.00 297.5 DON 05833 Books  
Henry Martyn Institute Library Henry Martyn Institute Library 04/02/2019 100.00 297.5 DON 09005 E-Books  
Henry Martyn Institute Library Henry Martyn Institute Library 06/11/2018 150.00 297.5 DON 5207 Books General stacks
                   Copyright © 2026 | Henry Martyn Institute | Hyderabad | TS-500052 | INDIA | Implemented by hmi.edu.in
Hit-Count:

Powered by Koha